An introduction to practical laboratory optics / (Record no. 19079)
[ view plain ]
| 000 -LEADER | |
|---|---|
| fixed length control field | 01216cam a2200265 i 4500 |
| 001 - CONTROL NUMBER | |
| control field | 18247367 |
| 005 - DATE AND TIME OF LATEST TRANSACTION | |
| control field | 20150319121508.0 |
| 008 - FIXED-LENGTH DATA ELEMENTS--GENERAL INFORMATION | |
| fixed length control field | 140729s2014 enka bf 000 0 eng c |
| 020 ## - INTERNATIONAL STANDARD BOOK NUMBER | |
| International Standard Book Number | 9781107050549 (hbk.) |
| 020 ## - INTERNATIONAL STANDARD BOOK NUMBER | |
| International Standard Book Number | 1107050545 (hbk.) |
| 020 ## - INTERNATIONAL STANDARD BOOK NUMBER | |
| International Standard Book Number | 9781107687936 (pbk.) |
| 020 ## - INTERNATIONAL STANDARD BOOK NUMBER | |
| International Standard Book Number | 1107687934 (pbk.) |
| 040 ## - CATALOGING SOURCE | |
| Original cataloging agency | OU/DLC |
| Language of cataloging | eng |
| Transcribing agency | OU |
| Modifying agency | DLC |
| 082 00 - DEWEY DECIMAL CLASSIFICATION NUMBER | |
| Classification number | 681.4 |
| Edition number | 22 |
| Item number | JAM |
| 100 1# - MAIN ENTRY--PERSONAL NAME | |
| Personal name | James, J. F. |
| Fuller form of name | (John Francis), |
| 9 (RLIN) | 29606 |
| 245 13 - TITLE STATEMENT | |
| Title | An introduction to practical laboratory optics / |
| Statement of responsibility, etc | J. F. James. |
| 260 ## - PUBLICATION, DISTRIBUTION, ETC. (IMPRINT) | |
| Place of publication, distribution, etc | Cambridge ; |
| -- | New York : |
| Name of publisher, distributor, etc | Cambridge University Press, |
| Date of publication, distribution, etc | 2014. |
| 300 ## - PHYSICAL DESCRIPTION | |
| Extent | x, 187 p. : |
| Other physical details | ill. ; |
| Dimensions | 23 cm. |
| 504 ## - BIBLIOGRAPHY, ETC. NOTE | |
| Bibliography, etc | Includes bibliographical references (pages 181-182). |
| 505 0# - FORMATTED CONTENTS NOTE | |
| Formatted contents note | Centred optical systems -- Telescopes and binoculars -- Eyepieces, eyes and colour -- Cameras and camera lenses -- The scientific CCD camera -- Spectrometry -- Interferometers and their uses -- Electro-optical effects and their uses -- Microscopes and projectors -- Siderostats and coelostats -- The detection and measurement of radiation -- Practicalities. |
| 650 #0 - SUBJECT ADDED ENTRY--TOPICAL TERM | |
| Topical term or geographic name as entry element | Optical instruments |
| General subdivision | Handbooks, manuals, etc. |
| 653 ## - INDEX TERM--UNCONTROLLED | |
| Resource For college | Engineering, General |
| Arrived date list | March2015 |
| 655 ## - INDEX TERM--GENRE/FORM | |
| Form subdivision | |
| -- | 34232 |
| 942 ## - ADDED ENTRY ELEMENTS (KOHA) | |
| Source of classification or shelving scheme | Dewey Decimal Classification |
| Withdrawn status | Item status | Source of classification or shelving scheme | Damaged status | Not for loan | Vendor | Home library | Current library | Shelving location | Date acquired | Source of acquisition | Cost, normal purchase price | Total Checkouts | Total Renewals | Full call number | Barcode | Date last seen | Date last borrowed | Cost, replacement price | Koha item type |
|---|---|---|---|---|---|---|---|---|---|---|---|---|---|---|---|---|---|---|---|
| Dewey Decimal Classification | Baccah | Central Library | Central Library | First floor | 19/03/2015 | 320.00 | 1 | 1 | 681.4 JAM | 000037526 | 15/07/2025 | 24/08/2015 | 400.00 | Book - Borrowing |